Alcune Figure Del Vangelo
Saved in:
| Hovedforfatter: | |
|---|---|
| Format: | Bog |
| Sprog: | ukendt sprog |
| Udgivet: |
Arti Grafiche Zuccarello
|
| Tags: |
Ingen Tags, Vær først til at tagge denne postø!
|
MARC
| LEADER | 00000nam a2200000Ia 4500 | ||
|---|---|---|---|
| 001 | R-39 | ||
| 003 | CODICE-MESSINA | ||
| 005 | 20260212102445.0 | ||
| 008 | 260211s9999 xx 000 0 und d | ||
| 040 | |c importazione_messina | ||
| 100 | |a Rosario Parisi | ||
| 245 | 0 | |a Alcune Figure Del Vangelo | |
| 260 | |b Arti Grafiche Zuccarello | ||
| 942 | |2 ddc |c BK | ||
| 952 | |0 0 |1 0 |2 ddc |4 0 |6 SCAFFALE_1_000000000000000__RELIGIONE |7 0 |9 30854 |a ME |b ME |d 2026-02-11 |l 0 |o SCAFFALE 1 - RELIGIONE |p R-39 |r 2026-02-11 23:52:10 |w 2026-02-11 |x [REVISIONARE] |y BK | ||
| 999 | |c 26519 |d 26519 | ||